000
00321nam a22001337a 4500
008
171019b xxu||||| |||| 00| 0 eng d
020
_a
9780684807720
041
_a
eng
080
_a
338
100
_a
53
101
_a
MEN
245
_a
A NEW MODEL FOR MANAGEMENT IN THE AGE OF PERSUASION
_c
CONGER,J,A
942
_2
udc
_c
BK
999
_c
34904
_d
34904